00765nam a2200241Ia 450000500170000000800410001702000140005804000190007204100120009108200190010324500660012226000410018830000140022950400360024363000390027965000170031865100260033570000220036185000100038394200070039399900170040095201060041720230325102517.0131103s9999 xx 000 0 und d a415159520 aLoreto College aEnglish a822.8bWIL-BEC aOscar Wilde b The critical heritage cEdited by Karl Beckson aLondon and New YorkbRoutledgec1970 axiv,434p  aIncludes bibliography and index aEnglish Drama - Nineteenth Century aWilde, Oscar aLiterature in English aBeckson, Karl, ed aLCLIB cBK c15500d65979 00102ddc4070aMAINbMAINd2013-11-04l0o822.8 WIL-BEC 45263pB15559r2013-11-04w2013-11-04yBKf